000 00568nam a22002057a 4500
003 OSt
005 20210414101237.0
008 210311s1964 ||||| |||| 00| 0 eng d
040 _aeng
_beng
_cDLC
041 _aeng
080 _a821.111
_bA-30
100 _91372
_aAlcorn Roberts Hayden
245 _aNo Bugles for Spies
_c/ by: Popular Library
260 _aNew York
_bPopular Library
_c1964
300 _a176 p.
365 _c0.5 usd
650 0 _9247
_aEnglish literature
653 _aინგლისური ლიტერატურა
942 _2udc
_cBK
999 _c2139
_d2139